| 000 | 00570nam a2200181Ia 4500 | ||
|---|---|---|---|
| 003 | GCL | ||
| 008 | 140319s9999 xx 000 0 ara d | ||
| 040 |
_aGCL / _cGCL |
||
| 082 | 0 | 4 |
_a811.9569 _bع ب |
| 100 | 1 | _aعزالدين المناصرة | |
| 245 | 1 | 0 |
_aباجس ابو عطوان يزرع اشجار العنب / _cعزالدين المناصرة |
| 300 | _a39 ص | ||
| 490 | _a | ||
| 650 | 0 | 4 | _aالشعر الحماسى |
| 650 | 0 | 4 | _aفلسطين - دواوين وقصائد |
| 650 | 0 | 4 | _aالشعر العربى - العصر الحديث |
| 942 |
_2ddc _cBK |
||
| 999 |
_c39018 _d39018 |
||